Statistics for 5 Most Populated Cities Beginning With Each Vowel

Click here to take the quiz!

General Stats

  • This quiz has been taken 56 times
  • The average score is 6 of 25

Answer Stats

HintPopAnswer% Correct
I13,520,000Istanbul
78%
O16,985,000Osaka
63%
U1,280,000Ulan Bator
57%
A5,120,000Atlanta
51%
A4,640,000Ankara
49%
A4,775,000Alexandria
43%
E1,060,000Edmonton
37%
O2,125,000Orlando
27%
I3,170,000Izmir
25%
E598,590El Paso
25%
U3,310,000Urumqi
24%
O2,825,000Ouagadougou
22%
U1,025,000Ufa
20%
A4,820,000Abidjan
20%
E7,725,000Essen
18%
O1,155,000Omsk
18%
I2,596,000Incheon
12%
E2,435,000Esfahan
10%
I2,470,000Indore
8%
A7,410,000Ahmadabad
8%
O7,245,000Onitsha
6%
I2,910,000Ibadan
2%
U1,990,000Uyo
0%
E1,012,000El Jadia
0%
U614,000Ulyanovsk
0%

Score Distribution

Percentile by Number Answered

Percent of People with Each Score

Your Score History

You have not taken this quiz